ADOLPHE BELOT, Mademoiselle Giraud, ma femme, edited and introduced by CHRISTOPHER RIVERS. New York, The Modern Language Association of America, « Texts & Translations », 2002. Un vol. 14 × 21 de XXXVII et 209 p. (notice n° 1653918)
[ vue normale ]
| 000 -LEADER | |
|---|---|
| fixed length control field | 01589cam a2200157 4500500 |
| 005 - DATE AND TIME OF LATEST TRANSACTION | |
| control field | 20260208005820.0 |
| 041 ## - LANGUAGE CODE | |
| Language code of text/sound track or separate title | fre |
| 042 ## - AUTHENTICATION CODE | |
| Authentication code | dc |
| 100 10 - MAIN ENTRY--PERSONAL NAME | |
| Personal name | Pernot, Denis |
| Relator term | author |
| 245 00 - TITLE STATEMENT | |
| Title | ADOLPHE BELOT, Mademoiselle Giraud, ma femme, edited and introduced by CHRISTOPHER RIVERS. New York, The Modern Language Association of America, « Texts & Translations », 2002. Un vol. 14 × 21 de XXXVII et 209 p. |
| 260 ## - PUBLICATION, DISTRIBUTION, ETC. | |
| Date of publication, distribution, etc. | 2005.<br/> |
| 500 ## - GENERAL NOTE | |
| General note | 61 |
| 520 ## - SUMMARY, ETC. | |
| Summary, etc. | Tout occupé à signifier le mystère essentiel et l’opacité du réel, le roman, chez Jules Barbey d’Aurevilly comme chez Marcel Proust, est le lieu indécis d’une confrontation entre la poésie et le récit. Ainsi, quand la prose romanesque de Barbey prétend porter le deuil du poème perdu, la Recherche orchestre avec bonheur, au contraire, une unité retrouvée. Chez Proust, roman et recueil se confondent, prose et poésie se rejoignent et la question métaphysique trouve une réponse esthétique. Aux fondrières (en fait de fondations) sur lesquelles le « barbare à sensations » qu’est Barbey a bâti l’édifice jésuitique d’une œuvre dont le catholicisme a souvent éveillé le soupçon, peut alors succéder la « cathédrale » immense élevée à la gloire de la littérature par le « dilettante d’architecture » qui fonde notre modernité. |
| 786 0# - DATA SOURCE ENTRY | |
| Note | Revue d'histoire littéraire de la France | 105 | 2 | 2005-03-01 | p. 423zs-499zs | 0035-2411 |
| 856 41 - ELECTRONIC LOCATION AND ACCESS | |
| Uniform Resource Identifier | <a href="https://shs.cairn.info/revue-d-histoire-litteraire-de-la-france-2005-2-page-423zs?lang=fr&redirect-ssocas=7080">https://shs.cairn.info/revue-d-histoire-litteraire-de-la-france-2005-2-page-423zs?lang=fr&redirect-ssocas=7080</a> |
Pas d'exemplaire disponible.




Réseaux sociaux